Gaming Quiz

Random Gaming or Pokémon Quiz
Score 0/107 Timer 10:00
0 Plays Today
Type Pokemon % Correct
GrassTurtwig
97%
FireChimchar
96%
WaterPiplup
96%
Grass/GroundTorterra
95%
Fire/FightingInfernape
92.1%
Water/SteelEmpoleon
92.1%
Normal/FlyingStarly
92.1%
Normal/FlyingStaraptor
92.1%
Normal/FlyingStaravia
91.1%
GrassGrotle
90.1%
Steel/DragonDialga
90.1%
Water/DragonPalkia
90.1%
Fire/FightingMonferno
89.1%
ElectricLuxio
89.1%
ElectricLuxray
89.1%
ElectricShinx
88.1%
WaterPrinplup
87.1%
NormalBidoof
87.1%
Ghost/DragonGiratina
87.1%
Dragon/GroundGarchomp
86.1%
DarkDarkrai
86.1%
Dragon/GroundGible
85.1%
Normal/WaterBibarel
84.2%
Dragon/GroundGabite
84.2%
Grass/PoisonBudew
83.2%
Fire/SteelHeatran
83.2%
Grass/PoisonRoserade
82.2%
NormalArceus
82.2%
Fighting/SteelLucario
81.2%
FireMagmortar
80.2%
Rock/SteelBastiodon
79.2%
FightingRiolu
79.2%
Ice/GhostFroslass
79.2%
GrassShaymin
79.2%
RockCranidos
78.2%
RockRampardos
78.2%
Type Pokemon % Correct
PsychicUxie
78.2%
PsychicCresselia
78.2%
PsychicMesprit
77.2%
WaterManaphy
77.2%
ElectricElectivire
76.2%
Electric/GhostRotom
76.2%
PsychicAzelf
76.2%
WaterPhione
76.2%
Rock/SteelShieldon
75.2%
Bug/GrassWormadam
74.3%
Ghost/FlyingDrifloon
74.3%
Grass/IceAbomasnow
73.3%
Ghost/DarkSpiritomb
72.3%
Ghost/FlyingDrifblim
71.3%
Electric/SteelMagnezone
71.3%
BugKricketune
70.3%
Dark/IceWeavile
70.3%
NormalRegigigas
70.3%
BugKricketot
69.3%
BugBurmy
69.3%
Steel/PsychicBronzong
69.3%
Grass/IceSnover
69.3%
WaterBuizel
68.3%
GhostMismagius
68.3%
Normal/FlyingTogekiss
68.3%
Bug/FlyingMothim
67.3%
Poison/FightingToxicroak
67.3%
Ice/GroundMamoswine
67.3%
Steel/PsychicBronzor
66.3%
Poison/DarkDrapion
66.3%
Poison/FightingCroagunk
65.3%
Ground/RockRhyperior
65.3%
WaterFloatzel
64.4%
Poison/DarkStunky
64.4%
Bug/FlyingYanmega
64.4%
Bug/FlyingCombee
63.4%
Type Pokemon % Correct
Water/GroundGastrodon
63.4%
Dark/FlyingHonchkrow
63.4%
Poison/BugSkorupi
63.4%
Poison/DarkSkuntank
62.4%
GrassLeafeon
62.4%
Psychic/FightingGallade
62.4%
WaterShellos
61.4%
IceGlaceon
61.4%
Ground/FlyingGliscor
61.4%
Bug/FlyingVespiquen
60.4%
GhostDusknoir
60.4%
NormalPurugly
59.4%
ElectricPachirisu
58.4%
GroundHippowdon
56.4%
NormalGlameow
55.4%
PsychicMime Jr
55.4%
NormalHappiny
55.4%
GroundHippopotas
55.4%
GrassTangrowth
55.4%
GrassCherrim
51.5%
GrassCherubi
50.5%
Rock/SteelProbopass
50.5%
NormalLopunny
48.5%
NormalPorygon-Z
48.5%
NormalBuneary
47.5%
RockBonsly
47.5%
GrassCarnivine
47.5%
NormalMunchlax
46.5%
NormalAmbipom
45.5%
Water/FlyingMantyke
45.5%
NormalLickilicky
45.5%
PsychicChingling
44.6%
WaterFinneon
43.6%
WaterLumineon
43.6%
Normal/FlyingChatot
39.6%
Remove Ads.
Support Sporcle.
Get the best of Sporcle when you Go Orange. This ad-free experience offers more features, more stats, and more fun while also helping to support Sporcle. Thank you for becoming a member.

You're not logged in!

Compare scores with friends on all Sporcle quizzes.
OR
Log In

Show Comments

Extras

Top Quizzes Today


Score Distribution

Your Account Isn't Verified!

In order to create a playlist on Sporcle, you need to verify the email address you used during registration. Go to your Sporcle Settings to finish the process.

Report this User

Report this user for behavior that violates our Community Guidelines.

Details: